[Event "Walsrode Chessemy op-A"]
[Site "Walsrode"]
[Date "2023.03.10"]
[Round "7"]
[White "Kuhn, Christian"]
[Black "Reinl, Anton"]
[Result "1-0"]
[WhiteElo "2019"]
[BlackElo "1679"]
[PlyCount "67"]
[EventDate "2023.03.04"]
[EventType "swiss"]
[EventRounds "9"]
[EventCountry "GER"]
[SourceTitle "CBM 213 Extra"]
[Source "ChessBase"]
[SourceDate "2023.05.31"]
[SourceVersion "1"]
[SourceVersionDate "2023.05.31"]
[SourceQuality "1"]

1. e4 c5 2. Nf3 d6 3. Bb5+ Nd7 4. a4 a6 5. Be2 Ngf6 6. d3 e6 7. 0-0 Be7 8. h3 0-0 9. Be3 b6 10. Nbd2 Bb7 11. Nh2 d5 12. exd5 Nxd5 13. Bf3 Nxe3 14. fxe3 Bxf3 15. Nhxf3 b5 16. Qe2 Nb6 17. axb5 axb5 18. b3 Qc7 19. c4 bxc4 20. bxc4 Bf6 21. Rxa8 Rxa8 22. Ne4 Qe7 23. d4 Nd7 24. Nxf6+ Nxf6 25. Ne5 h6 26. Qf3 Ra3 27. Nc6 Qd6 28. d5 exd5 29. cxd5 Rd3 30. Rd1 Rxd1+ 31. Qxd1 Nxd5 32. Qxd5 Qg3 33. Ne7+ Kh8 34. Qd8+ 1-0

[Event "Walsrode Chessemy op-A"]
[Site "Walsrode"]
[Date "2023.03.05"]
[Round "2"]
[White "Launert, Martin"]
[Black "Kuhn, Christian"]
[Result "1-0"]
[WhiteElo "1838"]
[BlackElo "2019"]
[PlyCount "91"]
[EventDate "2023.03.04"]
[EventType "swiss"]
[EventRounds "9"]
[EventCountry "GER"]
[SourceTitle "CBM 213 Extra"]
[Source "ChessBase"]
[SourceDate "2023.05.31"]
[SourceVersion "1"]
[SourceVersionDate "2023.05.31"]
[SourceQuality "1"]

1. e4 e5 2. Nf3 Nc6 3. Bb5 a6 4. Ba4 Nf6 5. 0-0 Be7 6. Re1 b5 7. Bb3 0-0 8. d3 d6 9. c3 Bg4 10. Nbd2 Na5 11. Bc2 c5 12. Nf1 Qc7 13. Ng3 Rad8 14. h3 Bxf3 15. Qxf3 d5 16. Nf5 dxe4 17. dxe4 Ne8 18. Qg3 Bf6 19. b3 c4 20. Ba3 g6 21. Bxf8 Kxf8 22. Ne3 cxb3 23. Bxb3 Nxb3 24. axb3 Qxc3 25. Rec1 Qxb3 26. Rxa6 b4 27. Raa1 Qd3 28. Qf3 b3 29. Nd1 Kg7 30. Qxd3 Rxd3 31. Rc3 Rd4 32. f3 Bg5 33. Rxb3 Nd6 34. Ne3 Bf4 35. Kf1 h5 36. Rc1 f5 37. exf5 gxf5 38. Ke2 Kf6 39. Rc6 Kg5 40. Rd3 Rxd3 41. Kxd3 e4+ 42. Ke2 exf3+ 43. Kxf3 Ne4 44. h4+ Kxh4 45. Kxf4 Nd6 46. g3+ 1-0

[Event "SM-2019-0-00408"]
[Site "LSS email"]
[Date "2019.05.30"]
[Round "?"]
[White "Wosch, Arkadiusz Janusz"]
[Black "Kuhn, Christian"]
[Result "1/2-1/2"]
[WhiteElo "2398"]
[BlackElo "2117"]
[PlyCount "41"]
[EventDate "2019.02.03"]
[EventType "tourn (corr)"]
[EventRounds "6"]
[EventCountry "GER"]
[SourceTitle "Corr 2022"]
[Source "ChessBase"]
[SourceDate "2021.10.24"]
[SourceVersion "1"]
[SourceVersionDate "2021.10.24"]
[SourceQuality "1"]

1. e4 e5 2. Nf3 Nf6 3. Nxe5 d6 4. Nf3 Nxe4 5. d4 d5 6. Bd3 Nc6 7. 0-0 Be7 8. c4 Nb4 9. Be2 0-0 10. Nc3 Bf5 11. a3 Nxc3 12. bxc3 Nc6 13. cxd5 Qxd5 14. Re1 Rfe8 15. Bf4 Rac8 16. h3 h6 17. Bf1 Bd6 18. Rxe8+ Rxe8 19. c4 Qe4 20. Bxd6 cxd6 21. Rc1 1/2-1/2

[Event "GER HS-256 email"]
[Site "GER email"]
[Date "2019.05.04"]
[Round "?"]
[White "Harf, Heinz"]
[Black "Kuhn, Christian"]
[Result "1/2-1/2"]
[WhiteElo "1959"]
[BlackElo "1870"]
[PlyCount "80"]
[EventDate "2019.05.13"]
[EventType "tourn (corr)"]
[EventRounds "6"]
[EventCountry "GER"]
[SourceTitle "Corr 2022"]
[Source "ChessBase"]
[SourceDate "2021.10.24"]
[SourceVersion "1"]
[SourceVersionDate "2021.10.24"]
[SourceQuality "1"]

1. c4 Nf6 2. Nc3 c5 3. Nf3 d5 4. cxd5 Nxd5 5. e3 e6 6. Nxd5 exd5 7. b4 c4 8. Bb2 Bxb4 9. Bxg7 Rg8 10. Bb2 Nc6 11. Qc2 Rg6 12. Be2 Be7 13. h4 Bf6 14. Rb1 a6 15. h5 Rxg2 16. Qxh7 Bxb2 17. Kf1 Rg4 18. Rxb2 Qf6 19. Qc2 b5 20. Qc3 Ke7 21. Qxf6+ Kxf6 22. Nd4 Rxd4 23. exd4 Bf5 24. h6 Nxd4 25. Rh4 Ke5 26. f3 a5 27. a3 Rb8 28. Kf2 Bh7 29. Ra2 Nf5 30. Rh1 Kd4 31. Bd1 b4 32. axb4 axb4 33. Ra7 b3 34. Rxf7 Bg6 35. Rc7 Kd3 36. Be2+ Kc2 37. Rc6 Bh7 38. Bxc4 dxc4 39. Rxc4+ Kxd2 40. Rc7 Rh8 1/2-1/2